000
00341 a2200157 4500
001
44494
020
_a
9788574167398
040
_c
Anchieta - Aquarius
100
_a
Sung, Hye Sook
240
1
0
_a
O livro do fogo
_l
por
245
1
0
_a
O livro do fogo
300
_a
36
362
0
_a
2012
650
4
_a
Literatura infanto-juvenil
942
_c
BK
999
_c
44494
_d
44494